Estadísticas para Banderas de las Provincias de España (Difícil)

Haz click aquí para intentar la prueba.

Estadísticas generales

  • Esta prueba ha sido intentada 359 veces
  • La puntuación promedio es 15 de 43

Estadísticas de respuestas

Respuesta% Correcto
Madrid
90%
Asturias
86%
Barcelona
83%
Gerona
79%
La Rioja
78%
Islas Baleares
76%
Murcia
74%
Pontevedra
74%
Tarragona
72%
Navarra
69%
Cantabria
67%
León
51%
Granada
40%
Zaragoza
40%
Teruel
38%
Huesca
36%
Sevilla
36%
Valladolid
35%
Málaga
34%
Toledo
29%
Jaén
28%
Cádiz
24%
Ourense
21%
Huelva
20%
Almería
19%
Segovia
18%
Vizcaya
18%
Burgos
17%
Cuenca
17%
Guipúzcoa
17%
Lugo
15%
Córdoba
14%
Palencia
14%
Badajoz
13%
Álava
12%
Albacete
11%
Ávila
11%
Cáceres
11%
Lérida
11%
Soria
11%
Salamanca
10%
Guadalajara
9%
Ciudad Real
8%

Distribución de puntuación

Porcentaje por número respondido

Porcentaje de gente con cada puntuación

Historial de tus puntuaciones

No has intentado esta prueba.